Library Logo

Pioneer International University Library Catalogue

Elizabeth Appleton : (Record no. 8906)

MARC details
000 -LEADER
fixed length control field 00871cam a22002411i 4500
001 - CONTROL NUMBER
control field 9382290
003 - CONTROL NUMBER IDENTIFIER
control field OSt
005 - DATE AND TIME OF LATEST TRANSACTION
control field 20250901165748.0
008 - FIXED-LENGTH DATA ELEMENTS--GENERAL INFORMATION
fixed length control field 791106s1963 nyu 000 1 eng
010 ## - LIBRARY OF CONGRESS CONTROL NUMBER
LC control number 63014140
035 ## - SYSTEM CONTROL NUMBER
System control number (OCoLC)5655433
040 ## - CATALOGING SOURCE
Original cataloging agency DLC
Transcribing agency OKentU
Modifying agency ODaWU
-- DLC
050 00 - LIBRARY OF CONGRESS CALL NUMBER
Classification number PZ 3 .O3677 El 1963
Item number El
Classification number PS3529.H29
100 1# - MAIN ENTRY--PERSONAL NAME
Personal name O'Hara, John,
Dates associated with a name 1905-1970.
245 10 - TITLE STATEMENT
Title Elizabeth Appleton :
Remainder of title a novel /
Statement of responsibility, etc. by John O'Hara.
260 ## - PUBLICATION, DISTRIBUTION, ETC.
Place of publication, distribution, etc. New York :
Name of publisher, distributor, etc. Random House,
Date of publication, distribution, etc. [1963].
300 ## - PHYSICAL DESCRIPTION
Extent 5 p. l., 3-310 p., 1 l. ;
Dimensions 21.2 cm.
500 ## - GENERAL NOTE
General note First edition, first printing. Bruccoli, O'Hara, A 23.1.a.
500 ## - GENERAL NOTE
General note Bound in blue cloth ; stamped in gold and blue; top edges stained yellow. Light blue endpapers. Dust jacket.
500 ## - GENERAL NOTE
General note From the library of Matthew J. Bruccoli.
906 ## - LOCAL DATA ELEMENT F, LDF (RLIN)
a 7
b cbc
c oclcrpl
d u
e ncip
f 19
g y-gencatlg
942 ## - ADDED ENTRY ELEMENTS (KOHA)
Source of classification or shelving scheme Library of Congress Classification
Koha item type Books
Holdings
Withdrawn status Lost status Source of classification or shelving scheme Damaged status Not for loan Home library Current library Shelving location Date acquired Total checkouts Full call number Barcode Date last seen Price effective from Koha item type
    Library of Congress Classification     Main Library Main Library   10/14/2024   PZ 3 .O3677 El 1963 PIU0003677b 10/14/2024 10/14/2024 Books